Who's selling bikes? Who's buying? - Statistics

General Stats
  • This quiz has been taken 27 times
  • The average score is 8 of 10
Answer Stats
Region % Answer % Correct
Asia 27 China
96%
Europe 13 Germany
96%
Europe 11 Germany
96%
Europe 5 France
92%
Americas 14 USA
92%
Asia 6 Japan
88%
Europe 8 Netherlands
75%
Europe 5 Netherlands
75%
Asia 20 Taiwan
58%
Asia 6 Cambodia
29%
No matching quizzes found
Score Distribution
Percent of People with Each Score
Percentile by Number Answered
Your Score History
You have not taken this quiz